| 000 | 00729cam5a220020500 4500 | ||
|---|---|---|---|
| 001 | tmp15831164 | ||
| 003 | UPRA | ||
| 005 | 20190822104553.0 | ||
| 008 | 951106s1962 ja eng u | ||
| 035 | _a(Sirsi) r93386 | ||
| 035 | _a(UPRA)tmp15831164 | ||
| 040 | _cUPRA | ||
| 110 | 1 |
_bGaimusho. _bJoho Bunkakyoku. _6A52135.1 |
|
| 245 | 1 | 4 | _aThe Japan of today. |
| 260 |
_a[Tokyo : _bPublic Information & Cultural Affairs Bureau : Ministry of Foreign Affairs, _bPublic Information & Cultural Affairs Bureau : Ministry of Foreign Affairs, _c[1962] |
||
| 651 | 0 |
_aJapan -- Description and travel. _xJapan -- Description and travel. _6S28943.1 |
|
| 949 |
_aDS811 _wlcc _mMAIN _tBOOK _lON-SHELF |
||
| 004 | 93386 | ||
| 987 | _aWITHDRAWN | ||
| 999 |
_c130741 _d130741 |
||